El teorema de Gödel /
Guardado en:
| Autor Principal: | |
|---|---|
| Otros Autores: | |
| Formato: | Libro |
| Idioma: | Spanish English |
| Publicado: |
Madrid :
Tecnos,
c1970.
|
| Series: | Estructura y función ;
31 |
| Etiquetas: |
Agregar Etiqueta
Sin Etiquetas, Sea el primero en etiquetar este registro!
|
| LEADER | 00865nam a22002295a 4500 | ||
|---|---|---|---|
| 001 | MAT.inmabb003069 | ||
| 008 | 051022s1970####sp#######b####001#0#spa#d | ||
| 005 | 20130910171020.0 | ||
| 245 | 1 | 3 | |a El teorema de Gödel / |c Ernest Nagel y James R. Newman ; [traducción por Adolfo Martín]. |
| 260 | |a Madrid : |b Tecnos, |c c1970. | ||
| 300 | |a 140 p. ; |c 23 cm. | ||
| 440 | 0 | |a Estructura y función ; |v 31 | |
| 500 | |a Traducción de: Gödel's proof. New York University Press, 1958. | ||
| 504 | |a Bibliografía: p. [135]. | ||
| 510 | 4 | |a MR, |c 20 #1625 |3 (de la versión original) | |
| 100 | 1 | |a Nagel, Ernest, |d 1901-1985. | |
| 240 | 1 | 0 | |a Gödel's proof. |l Español |
| 700 | 1 | |a Newman, James Roy, |d 1907-1966. | |
| 084 | |a 03-01 (00A30 03-03 03A05 03F40) |2 msc2000 | ||
| 041 | 1 | |a spa |h eng | |
| 859 | |h 03 |i N147e |p A-4101 |b BIB. MATEMATICA | ||
| 859 | |h 03 |i N147e |p A-4425 |t Ej. 2 |b BIB. MATEMATICA | ||
